POVAPSYS - Povodňový varovný a predpovedný systém
Povodne, príčiny a druhy.Hlavné komponenty budovaného povodňového systému POVAPSYS. Integrovaný informačný systém. Rozšírenie siete automatických zrážkomerných a automatických meteorologických staníc. Systém dištančných metód monitoringu. Príjem údajov z meteorologických družíc.
Salvato in:
| Autore principale: | |
|---|---|
| Natura: | Capitolo di libro |
| Lingua: | slovacco |
| Soggetti: | |
| Tags: |
Nessun Tag, puoi essere il primo ad aggiungerne!!
|
MARC
| LEADER | 00000naa a2200000 4500 | ||
|---|---|---|---|
| 001 | 0207894 | ||
| 005 | 20221019174929.9 | ||
| 041 | 0 | |a slo | |
| 044 | |a SK | ||
| 245 | 1 | 0 | |a POVAPSYS - Povodňový varovný a predpovedný systém |c Danica Lešková |
| 520 | |a Povodne, príčiny a druhy.Hlavné komponenty budovaného povodňového systému POVAPSYS. Integrovaný informačný systém. Rozšírenie siete automatických zrážkomerných a automatických meteorologických staníc. Systém dištančných metód monitoringu. Príjem údajov z meteorologických družíc. | ||
| 610 | 2 | 0 | |a povodne |
| 610 | 2 | 0 | |a prognózovanie |
| 610 | 2 | 0 | |a monitoring |
| 100 | 1 | |a Lešková, Danica | |